De la dignidad y de los derechos humanos una introducción al pensar analógico /

Gespeichert in:
Bibliographische Detailangaben
1. Verfasser: Hoyos, Ilva Myriam
Format: Elektronisch E-Book
Sprache:Spanisch
Veröffentlicht: Bogotá : [Chía, Cundinamarca, Colombia] : Editorial Temis ; Universidad de La Sabana, Instituto de Humanidades, 2005.
Ausgabe:1. ed.
Schriftenreihe:Digitalia eBook Collection: Universidad de La Sabana.
Schlagworte:
Online-Zugang:Digitalia Hispánica
Tags: Tag hinzufügen
Keine Tags, Fügen Sie den ersten Tag hinzu!

MARC

LEADER 00000nam a2200000Ia 4500
001 DIGUNSABA0013
003 NyNyDIG
006 m d
007 cr |||||||||||
008 130701s2005 ck o 000 0 spa d
020 |z 9583505226 (pbk.) 
020 |z 9789583505225 (pbk.) 
040 |a DGITA  |b eng  |e pn  |c DGITA 
043 |a s-ck--- 
050 0 0 |a K3240 ebook 
100 1 |a Hoyos, Ilva Myriam. 
245 1 0 |a De la dignidad y de los derechos humanos   |h [electronic resource] :  |b una introducción al pensar analógico /  |c Ilva Myriam Hoyos. 
250 |a 1. ed. 
260 |a Bogotá :  |b Editorial Temis ;   |a [Chía, Cundinamarca, Colombia] :  |b Universidad de La Sabana, Instituto de Humanidades,  |c 2005.   |e (New York, NY. :  |f Digitalia Inc,   |g 2012). 
300 |a 1 online resource (xxx, 358 p.)  
504 |a Includes bibliographical references and index. 
506 |a Access restricted to subscribing institutions. 
650 0 |a Human rights  |x Philosophy. 
650 0 |a Civil rights. 
650 0 |a Dignity. 
655 0 |a Electronic books. 
791 2 |a Digitalia (Firm),  |e distributor. 
830 0 |a Digitalia eBook Collection: Universidad de La Sabana. 
856 4 0 |3 Digitalia Hispánica  |u https://digitalia.unach.elogim.com/a/18587/